000 004940000a22001810004500
003 MACL
005 20150801144311.0
008 150801b xxu||||| |||| 00| 0 eng d
040 _aMACL
_cMACL
041 _aEnglish
082 _a364/MAN
100 _aMenon, N.R, Madhava
_94109
245 _aCriminal Justice India Series
_bVol 8 Punjab , 2002
260 _bNational University Of Juridical Sciences
_c2003
_aNew Delhi
350 _a295
650 _aCriminology
_94110
942 _cBK
_k364
_2ddc
999 _c2191
_d2191